000 00488cam a22002051 4500
001 sa 67005737
003 DLC
005 20260227112400.0
008 891012s1966 ii 000 0 malo
010 _asa 67005737
035 _a(OCoLC)20483542
040 _aDLC
_cWaU
_dDLC
042 _apremarc
050 0 0 _aPL4718.9.K344
_bA9
100 1 _aKarthikeyan, Alleppey.
245 1 0 _aAviśvāsi.
260 _a[Trichur?
_c1966]
300 _a188 p.
_c18 cm.
500 _aIn Malayalam.
999 _c75409
_d75409